| 000 -LEADER |
| fixed length control field |
01523pab a2200181 454500 |
| 008 - FIXED-LENGTH DATA ELEMENTS--GENERAL INFORMATION |
| fixed length control field |
180718b2009 xxu||||| |||| 00| 0 eng d |
| 100 ## - MAIN ENTRY--PERSONAL NAME |
| Personal name |
Tandon, B.B. |
| 245 ## - TITLE STATEMENT |
| Title |
Inclusivity and sustainable development |
| 260 ## - PUBLICATION, DISTRIBUTION, ETC. |
| Date of publication, distribution, etc. |
2009 |
| 300 ## - PHYSICAL DESCRIPTION |
| Extent |
p.882-891. |
| 362 ## - DATES OF PUBLICATION AND/OR SEQUENTIAL DESIGNATION |
| Dates of publication and/or sequential designation |
Oct-Dec |
| 520 ## - SUMMARY, ETC. |
| Summary, etc. |
The world community has recognised the relationship of social and economic growth with environment in the recent times. The concept of sustainable development seeks to draw attention of mankind to this relationship. Sustainable development implies development that meets the needs of the present without compromising the ability of future generations to meet their own needs. Tremendous economic progress has been seen by the mankind in recent times, but this has come at the cost of deterioration of natural resources. Further, only a small section of the society has cornered the fruits of economic development. This entails that sustainable development is required to be revisited in terms of inclusiveness. The government and bureaucrats will have to work towards making the growth more participatory and inclusive so as to ensure sustainable development. There has to be a change in the mind set of politicians and bureaucrats to ensure that governance is viewed and shaped to extend to the grassroots to influence well-being of all sections of the society. - Reproduced. |
| 650 ## - SUBJECT ADDED ENTRY--TOPICAL TERM |
| Topical term or geographic name entry element |
Sustainable development |
| 700 ## - ADDED ENTRY--PERSONAL NAME |
| Personal name |
Garg, Arunesh |
| 773 ## - HOST ITEM ENTRY |
| Main entry heading |
Indian Journal of Public Administration |
| 908 ## - PUT COMMAND PARAMETER (RLIN) |
| Put command parameter |
N |
| 909 ## - |
| -- |
86057 |